[Event "BAN-chB 47th"]
[Site "Dhaka"]
[Date "2022.10.27"]
[Round "1"]
[White "Md Abzid, Rahman"]
[Black "Malakar, Sanjib"]
[Result "1-0"]
[WhiteElo "2045"]
[BlackElo "1732"]
[PlyCount "68"]
[EventDate "2022.10.27"]
[EventType "swiss"]
[EventRounds "11"]
[EventCountry "BAN"]
[SourceTitle "EXT 2024"]
[Source "ChessBase"]
[SourceDate "2023.10.10"]
[SourceVersion "1"]
[SourceVersionDate "2023.10.10"]
[SourceQuality "1"]

1. d4 Nf6 2. c4 d6 3. Nc3 Nbd7 4. Nf3 e5 5. e3 Be7 6. Be2 c6 7. 0-0 e4 8. Nd2 d5 9. cxd5 cxd5 10. Qb3 Nb6 11. a4 a5 12. Bb5+ Kf8 13. f3 exf3 14. Nxf3 h5 15. Bd2 Be6 16. Ng5 Qd6 17. Bd3 Kg8 18. Nb5 Qd8 19. Rac1 Bd6 20. Nxd6 Qxd6 21. Rc5 Bd7 22. Rxa5 Rxa5 23. Bxa5 Nxa4 24. Qxb7 Be8 25. Bb5 Nc5 26. dxc5 Qxc5 27. Bxe8 Qxe3+ 28. Kh1 Qxg5 29. Qxf7+ Kh7 30. Bb5 Rb8 31. Bd3+ Ne4 32. Bc3 Rb6 33. Bxg7 Qxg7 34. Qxd5 Rxb2 1-0